000 00279nam a22001217a 4500
008 170714b xxu||||| |||| 00| 0 eng d
041 _aeng
080 _a1(091)
100 _a23
101 _aFIL
245 _aLA HISTORIA DE PROFETAS Y REYES
_cWHITE.E.G
942 _2udc
_cBK
999 _c20696
_d20696